Vagabundaje y sociedad fronteriza en Chile siglos XVII a XIX

Guardat en:
Dades bibliogràfiques
Autor principal: Góngora del Campo, Mario (autor)
Format: Llibre
Idioma:espanyol
Publicat: Santiago, Chile Universidad de Chile 1966
Matèries:
Etiquetes: Afegir etiqueta
Sense etiquetes, Sigues el primer a etiquetar aquest registre!

MARC

LEADER 00000nam a2200000 a 4500
001 UCO2677
003 CL-VaPUC
005 20240313123608.0
008 000608e19660000CL |||||||||||||||||spa|d
999 |c 289177  |d 289175 
040 |c Pontificia Universidad Católica de Valparaíso 
082 0 4 |a 983.4 GON 1966  |2 21 
100 |a Góngora del Campo, Mario  |e autor  |9 589641 
245 1 0 |a Vagabundaje y sociedad fronteriza en Chile siglos XVII a XIX 
260 |a Santiago, Chile  |b Universidad de Chile  |c 1966 
300 |a 41 páginas 
583 |a last modification  |c 20000608 00:00:00  |k Rodrigo Vera 
650 0 |a Historia de Chile  |y SIGLOS 17-19  |z REGION 08  |z CHILE  |9 265473 
852 |a BIBCUR 
942 |c BK  |2 ddc 
945 |d 20000608 00:00:00  |a crobeson 
952 |0 0  |1 0  |2 ddc  |4 0  |6 983_400000000000000_GON_1966  |7 0  |8 A  |9 337397  |a BIBHIS  |b BIBHIS  |d 2019-11-20  |i 1294199  |l 2  |o 983.4 GON 1966  |p 1294199  |r 2025-01-20  |s 2022-10-24  |t 1  |w 2019-11-20  |y BK  |k HIS